Manual de psicología experimental: metodología de investigación
Wedi'i Gadw mewn:
| Prif Awduron: | , |
|---|---|
| Awduron Eraill: | |
| Fformat: | Llyfr |
| Iaith: | Sbaeneg |
| Cyhoeddwyd: |
Barcelona
Ariel
1996
|
| Cyfres: | Colección Ariel Psicología
|
| Pynciau: | |
| Tagiau: |
Ychwanegu Tag
Dim Tagiau, Byddwch y cyntaf i dagio'r cofnod hwn!
|
MARC
| LEADER | 00000nam a2200000 a 4500 | ||
|---|---|---|---|
| 001 | UCO5302 | ||
| 003 | CL-VaPUC | ||
| 008 | 000901e19960000SP |||||||||||||||||spa|d | ||
| 082 | 0 | 4 | |a 150.724 |b PAS |2 21 |
| 100 | |a Pascual Llobell, Juan |e autor |9 452405 | ||
| 700 | 0 | |a Frías, Dolores |e author |9 450080 | |
| 700 | |a García, Fernando |q (García Pérez, José Fernando) |e autor |9 450081 | ||
| 245 | 1 | 0 | |a Manual de psicología experimental: metodología de investigación |
| 300 | |a 271 p | ||
| 942 | |c BK | ||
| 945 | |d 20000901 00:00:00 |a rbrito | ||
| 260 | |a Barcelona |b Ariel |c 1996 | ||
| 650 | 7 | |a PSICOLOGIA EXPERIMENTAL |2 CL-VaPUC |9 309015 | |
| 650 | 0 | |a Métodos de investigación |9 262618 | |
| 650 | 0 | |a Investigación científica |9 259857 | |
| 583 | |a last modification |c 20000901 00:00:00 |k Rodrigo Vera | ||
| 490 | 0 | |a Colección Ariel Psicología | |
| 999 | |c 291203 |d 291201 | ||
| 952 | |0 0 |1 0 |4 0 |6 150_724000000000000_PAS_1996 |7 0 |8 A |9 340978 |a BIBEDU |b BIBEDU |d 2019-11-20 |i 3644170 |o 150.724 PAS 1996 |p 3644170 |r 2019-11-20 |w 2019-11-20 |y BK |k PSI | ||